000 00354nam a2200133Ia 4500
008 220216s9999 xx 000 0 und d
100 _aCarlson Donna J
245 0 _aAsphalt-rubber sets the bar for modified binders
260 _bIndian Rubber and Plastics Age
_c2004
300 _a18-20
650 _aAsphalt-rubber
650 _aBinders
942 _cJS
999 _c54516
_d54516